Kniževen kontext 3

Bibliographic Details
Main Author: Koprda, Pavol, 1947- (Author)
Format: Article
Language:Slovak
ISSN:1335-0544
Subjects:

MARC

LEADER 00000nab a2200000 a 4500
001 vtls000847437
003 SK-MaSNL
005 20260304142752.0
008 250505c2003 xo 0 slo
015 |a SNBRB2003/10-27534 
035 |a CLN000199092 
035 |a urn:nbn:sk:snk-ab2s0o 
035 |a (urnnbn)urn:nbn:sk:snk:ar-a02ux2 
035 |a (uuid)ad787ba4-d00d-49da-bbe5-634362fdee75 
040 |a SNKBUCL  |b slo  |c SNKBUCL  |e AACR2 
041 0 |a slo 
044 |a xo  |c SK 
080 |a 82.091(082)(048)  |2 1997 
080 |a 82(091):821.163.3(082)(048)  |2 1997 
080 |a 821.163.3(091)(082)(048)  |2 1997 
100 1 |a Koprda, Pavol,  |d 1947-  |4 aut  |9 107014 
245 1 0 |a Kniževen kontext 3  |c Pavol Koprda 
650 0 7 |a macedónska literatúra  |2 snkbucl  |9 1481 
650 0 7 |a literárna komparatistika  |2 snkbucl  |9 62017 
650 0 7 |a štúdie  |2 snkbucl  |9 92810 
655 7 |a recenzie  |2 snkbucl  |9 21907 
655 7 |a články z novín a časopisov  |2 snkbucl  |9 267496 
773 0 |t Slovak review  |g Roč. 12, č. 1 (2003), s. 71  |x 1335-0544 
787 0 8 |i Rec.:  |t Kniževen kontekst. 3  |d Skopje : Institut za makedonska literatura, 1999 
850 |a Slovenská národná knižnica 
852 |a Slovenská národná knižnica 
954 |a odborná, vedecká literatúra pôvodná (slovenská)  |2 lita 
958 |a article27 
958 |a MK 
958 |a LX 
958 |a RC 
958 |a OND 
958 |a EUIPO 
992 |a RBX 
999 |c 2922821  |d 2924751